| 000 | 01248cam a2200337 a 4500 | ||
|---|---|---|---|
| 999 |
_c36939 _d36939 |
||
| 001 | 15122281 | ||
| 003 | OSt | ||
| 005 | 20200605122236.0 | ||
| 008 | 071121m20089999ii b 001 0 eng | ||
| 010 | _a 2007434254 | ||
| 020 | _a9788189920760 (v. 1) | ||
| 025 | _aI-E-2007-434254; 63-91 | ||
| 035 | _a(IN-NdUBS)UBS07003203 | ||
| 037 |
_bLibrary of Congress -- New Delhi Overseas Office _cRs995.00 |
||
| 040 |
_aDLC _coclc |
||
| 042 | _alcode | ||
| 043 | _aa-ii--- | ||
| 050 | 0 | 0 |
_aDS475 _b.M235 2008 |
| 082 |
_a322.1095409034 _bLAL/S |
||
| 100 |
_aLal, Makkhan _d1954- _92528 |
||
| 245 | 1 | 0 |
_aSecular politics, communal agenda : _bhistory of politics in India from 1860 to 1953 / _cMakkhan Lal. |
| 260 |
_aNew Delhi : _bPragun Publication : _bDistributed by D.K. Publishers Distributors, _cc2008- |
||
| 300 |
_a473p _c25 cm. |
||
| 504 | _aIncludes bibliographical references and index. | ||
| 505 | 1 | _a[v. 1. 1860-1953] | |
| 651 | 0 |
_aIndia _xPolitics and government _y19th century. |
|
| 651 | 0 |
_aIndia _xPolitics and government _y20th century. |
|
| 906 |
_a7 _bcbc _corigode _d2 _encip _f20 _gy-gencatlg |
||
| 942 |
_2ddc _cBK _h322.1095409034 _iLAL/S _k322.1095409034 _mLAL/S |
||